Retrats : crònica il·lustrada de Sant Sadurní d'Anoia 1865-1997 / Carles Querol i Rovira crònica il·lustrada de Sant Sadurní d'Anoia 1865-1997 / Carles Querol i Rovira
Descripción Física:
249 p. : principalment il., negre i col. ; 30 cm
MARC
| LEADER | 00000nam a2200000Ia 4500 | ||
|---|---|---|---|
| 001 | 12139 | ||
| 008 | 160829s1998 xx 000 0 cat d | ||
| 080 | |a H-1-21 | ||
| 100 | |a Querol i Rovira, Carles |9 22423 | ||
| 245 | |a Retrats : |b crònica il·lustrada de Sant Sadurní d'Anoia 1865-1997 / Carles Querol i Rovira | ||
| 260 | |a Sant Sadurní d'Anoia : |b Ramon Nadal, |c 1998 | ||
| 300 | |a 249 p. : |b principalment il., negre i col. ; |c 30 cm | ||
| 650 | |a Sant Sadurní d'Anoia |x Història local |x 1865/1997 |9 22424 | ||
| 901 | |a Arxiu | ||
| 942 | |n 1 | ||
| 952 | |0 0 |1 0 |4 0 |6 H121 |7 1 |9 42217 |a Arxiu |b Arxiu |d 2016-12-01 |l 0 |o H-1-21 |p 12139 |r 2016-12-01 00:00:00 |w 2016-12-01 |y ARXIU | ||
| 999 | |c 44664 |d 44664 | ||